| 000 | 00809nam a22001815i 4500 | ||
|---|---|---|---|
| 001 | 157971 | ||
| 003 | ES-MaACL | ||
| 005 | 20230906210927.0 | ||
| 008 | 040820s1892 po |||| | por d | ||
| 040 |
_aCAM _bspa _cCAM |
||
| 100 | 1 |
_aLopes, Adriano de Jesus. _9129051 |
|
| 245 | 1 | 0 |
_aObservatorio meteorologico e magnetico da Universidade de Coimbra / _cpor Adriano de Jesus Lopes; Congresso Pedagogico Hispano-Portuguez-Americano, Secção Portugueza. |
| 260 |
_aCoimbra : _bImprensa da Universidade, _c1892. |
||
| 300 |
_a12 p. ; _c24 cm. |
||
| 650 | 4 |
_aObservatorios meteorológicos- _zCoimbra. _9136612 |
|
| 711 | 2 |
_aCongresso Pedagogico Hispano-Portuguez-Americano ( _d1892. _cLisboa.) _9135108 |
|
| 852 |
_aES-MaACL _jT-1120-F-24 _z-- Enc. hol. conservando la cub. original _z-- Enc. en un vol. facticio |
||
| 999 |
_c157971 _d157971 |
||